| 000 | 00407nam a2200133Ia 4500 | ||
|---|---|---|---|
| 008 | 170516s9999 xx 000 0 und d | ||
| 245 | _aHybrid Imaging Labels: Providing the Link Between Mass Spectrometry-Based Molecular Pathology and Theranostics | ||
| 260 | _bTheranostics | ||
| 260 | _c2017 | ||
| 300 | _a7:3 | ||
| 650 | _xMedical Technology | ||
| 650 | _xMedtech | ||
| 856 | _uhttp://www.thno.org/v7i3 | ||
| 999 |
_c330325 _d330325 |
||